Historia de las literaturas comparadas
Uloženo v:
| Hlavní autor: | |
|---|---|
| Médium: | Kniha |
| Jazyk: | Undetermined |
| Vydáno: |
Buenos Aires, Argentina
Anaconda
1945
|
| Témata: | |
| Tagy: |
Přidat tag
Žádné tagy, Buďte první, kdo vytvoří štítek k tomuto záznamu!
|
MARC
| LEADER | 00000nam a2200000Ia 4500 | ||
|---|---|---|---|
| 008 | 170316s9999 xx 000 0 und d | ||
| 090 | |a 801 L-18h | ||
| 100 | |a Loliée, Federico | ||
| 245 | |a Historia de las literaturas comparadas | ||
| 260 | |a Buenos Aires, Argentina | ||
| 260 | |b Anaconda | ||
| 260 | |c 1945 | ||
| 300 | |a 404 páginas | ||
| 650 | |a TEORÍA LITERARIA | ||
| 650 | |a LITERTURA-HISTORIA | ||
| 650 | |a LITERATURAS COMPARADAS | ||
| 650 | |a HASTA EL SIGLO XX | ||
| 650 | |a ASIA | ||
| 650 | |a EUROPA | ||
| 650 | |a GRECIA | ||
| 650 | |a ROMA | ||
| 999 | |c 20419 |d 20419 | ||
| 040 | |a cru BVZT | ||
| 942 | |c 15 D |h 801 L-18h |2 z | ||
